000
00196 a2200109 4500
020
_a
9789582410223
041
_a
spa
100
_a
Santillana
245
_a
Lenguaje 5
942
_c
BK
952
_7
1
999
_c
23834
_d
23834